Регионална библиотека "Любен Каравелов" - Русе

Детство (Запис номер 424237)

MARC детайли
000 -Лидер
Контролно поле с фиксирана дължина nam a22 a 4500
003 - Код на организацията, давaща контролен номер
Контролно поле BLK
005 - Дата и час на последна редакция
Контролно поле 20230406030318.0
008 - Елементи от данни с фиксирана дължина
fixed length control field 210719b bul|||||r ||||||| ||bul||
040 ## - Източник на каталожния запис
Идентификатор на билиотеката - собственик на записа BLK
041 ## - Код за език
Код за езика на текст/звукозапис или на отделно заглавие Български
Код за езика КДБФ Български
080 ## - УДК
Текстов определител УДК Руска литература
УДК код - определител по УДК 821.161.1
УДК определител -31
УДК - код + определител 821.161.1-31
100 1# - Редна дума - Автор
Автор Горки, Максим
Дати, свързани с автора 1868-1936
Автор - информация (биография) писател
Пълна форма на името Пешков, Алексей Максимович
Авторска отговорност първи автор
R(LIN) 55187
139 ## - Редно поле
Редна дума Горки, Максим
Авторски знак Горк - Г 68
245 10 - Сведения за заглавието
Заглавие Детство
Подзаглавни данни Живот - роман
Редно поле (дума) Максим Горки; прев. от рус. Пелин Велков; * Алексей Максимович Пешков.
250 ## - Област на изданието
Сведения за изданието 2. изд.
257 ## - Страна на издаване
Страна на създаване/издаване СССР
260 ## - Област на издателските данни
Място на издаване, разпространение и проч. София
Име на издателя, разпространителя и проч. Нар. култура
Година на издаване 1948
300 ## - Физическа характеристика
Страници 248 с.
Размери/Мащаб 19 см
380 ## - Жанр
Жанр Худож. лит.
500 ## - Общи забележки
Забележка Максим Горки - псевд. на Алексей Максимович Пешков. - 1. изд. 1945. - 10 000 тир.
700 1# - Други автори (авторска отговорност)
Лично име Велков, Пелин
Автороска отговорност (Описва отношението между автора и произведението) прев. от рус.
Друга информация Пеловски, Тодор Велков
9 (RLIN) 373479
700 1# - Други автори (авторска отговорност)
Лично име Пешков, Алексей Максимович
Автороска отговорност (Описва отношението между автора и произведението) *
9 (RLIN) 368201
852 ## - Местоположение
Форматна сигнатура Цб Цб 8.190.30622
Фондова буква Хранилище
856 4# - Електронен адрес и достъп
Електронен формат pdf - файл
856 4# - Електронен адрес и достъп
Електронен формат pdf - файл
999 ## - СИСТЕМНИ КОНТРОЛНИ НОМЕРА
Koha biblionumber 424237
Koha biblioitemnumber 424237
942 ## - АРТИКУЛИ
Вид на библиотечния материал Книги
Скрит в OPAC Не
Периодичен библиозапис Да
944 ## - СЪЗДАВАНЕ И РЕДАКЦИЯ на ЗАПИСА
Създаване/Редакция Създаване
Дата на регистрацията/редакция 2021-07-19
Служител, извършил регистрацията/редакцията А.М.
Наличности
Код за отписване Код за изгубен артикул Източник на класификационната схема Код за повреда Коз за рестрикции Код за отдаване Артикулен № Име на библиотеката - собственик Име на библиотеката, в която се намира в момента Статус (Текущо местоположение) Дата на вписване в системата Местоположение - отдел Цена в лева Инвентарен номер Систематично азбучна сигнатура Баркод Цена в евро Служебен тип на артикула
  Не е изгубен Universal Decimal Classification Не е повреден само за читалня ползва се в читалня 843899 Регионална библиотека "Любен Каравелов" Русе Регионална библиотека "Любен Каравелов" Русе Хранилище 2021-07-20 Основен фонд - ползва се само за читалня 0.38 30622-а Цб 8.190.30622 900000070384 0.19 Книги
Vip Innovations Ltd, Rousse, Bulgaria 2025